01805nam a2200313 a 4500001001000000005001700010008004100027041000800068044000700076084002000083100004500103245009500148260006400243300002200307500026200329500007300591500030700664500007500971500001001046650005201056650005601108650003401164650004501198700006001243700005401303700004201357700004201399740005001441BRCA_250420190320203836.0241108s1857----sp-a---###---#000-0dspa-u aspa asp a144b.P58c18571 aCervantes Saavedra, Miguel ded1547-161610aEl Ingenioso Hidalgo Don Quijote de la Manchaccompuesto por Miguel de Cervantes Saavedra. aMadrid : BarcelonabLibreria española el plus ultrac1857 a2 v.bil.c20 cm. aContenido : v 1. Primera parte. Noticia sobre la vida y obra de Cervantes por L. Viardot. Dedicatoria del autor. Prólogo del autor. Versos preliminares. texto. -- v 2. Segunda parte. Dedicatoria del autor. Dedicatoria del autor. Prólogo del autor. Texto aEdición : Ilustrada con las notas de Pellicer, Clemencín y otros aEl tomo I va precedido de Noticia sobre la Vida y escritos de Cervantes, compilada por L. Viardot. Imprenta de Luis Tasso. Los dibujos son copia de los de Tony Johannot, toscamente grabados por Martínez. Edición económica. Semipiel; lomeras decoradas con letras y filetes dorados Lúdovik Osterc aEstado físico : Primeras hojas del volumen 2 a punto de desprenderse aQM14414aNovela españolayÉpoca clásica, 1500-170014aLiteratura españolayÉpoca clásica, 1500-170014aNovela españolaySiglo XVII14aDon Quijote (Personaje ficticio)eNovela1 aPellicer y Pilares, Juan Antoniod1738-1806eBiógrafo1 aClemencín y Viñas, Diegod1785-1834eAnotador1 aViardot, Louisd1800-1883eBiógrafo1 aJohannot, Tonyd1803-1852eIlustrador0 aEl Ingenioso Hidalgo Don Quijote de la Mancha